[Event "Charlotte Spring-E 2022"]
[Site "Charlotte"]
[Date "2022.03.17"]
[Round "1.1"]
[White "Woodward, Andy"]
[Black "Chiku-Ratte, Olivier-Kenta"]
[Result "0-1"]
[WhiteElo "2317"]
[BlackElo "2382"]
[Annotator "TA"]
[PlyCount "86"]
[EventDate "2022.03.16"]
[EventType "tourn"]
[EventCountry "USA"]
[SourceTitle "playchess.com"]
[Source "ChessBase"]
[SourceQuality "1"]

{[%evp 13,86,19,18,37,31,22,28,32,27,22,57,43,57,56,55,58,54,61,70,71,85,0,0,0,73,91,85,79,78,36,44,10,82,72,64,77,75,0,0,0,11,0,4,0,36,-59,-33,-537,-537,-508,-537,-500,-530,-516,-168,-191,0,-519,-430,-2330,-1838,-1746,-1596,-1796,-1646,-1690,-1725,-1358,-948,-29981,-29982,-29981,-29982,-29991,-29992]} 1. d4 Nf6 2. c4 g6 3. Nc3 Bg7 4. e4 d6 5. Be2 O-O 6. Be3 c5 7. d5 e6 8. Nf3 {E73: King's Indian: Averbakh Variation without 6...c5.} exd5 9. cxd5 Bg4 $1 {[%cal Ob7b5]} 10. Nd2 {White has an edge.} Bxe2 11. Qxe2 a6 12. a4 {Inhibits b5.} Re8 13. f3 Nbd7 14. O-O Qe7 15. Kh1 Rab8 16. a5 {[#]} Nh5 $146 ({Predecessor:} 16... h6 17. Ra3 Ne5 18. Rb1 Nh5 19. g4 Nf6 20. b4 cxb4 21. Rxb4 Rec8 22. Rab3 h5 {1-0 (48) Nestorovic,D (2348)-Tepic,B (2151) Backa Palanka 2020}) 17. Nc4 (17. g4 $1 $16 {[%cal Rg4h5]} Bxc3 18. bxc3) 17... Ne5 $11 18. Nb6 Nf6 (18... Nd7 $11 {remains equal.}) 19. Bg5 $16 h6 20. Bh4 Qc7 21. f4 (21. Qd2 $16) 21... Ned7 $14 {[%cal Of6e4]} 22. Nc4 {[%cal Oe4e5] e5! is the strong threat.} b5 (22... Nxe4 $1 $11 {keeps the balance.} 23. Nxe4 f5) 23. axb6 $1 $16 Nxb6 {[%cal Of6e4]} 24. Bxf6 ({Don't play} 24. Rxa6 Nxe4 25. Nxe4 Nxc4 $15) 24... Bxf6 25. e5 (25. Nd2 $16) 25... Nxc4 $11 26. Qxc4 dxe5 27. Rxa6 Bg7 28. f5 gxf5 29. Rxf5 ({Better is} 29. Nb5 $1 $14 Qe7 30. Nd6) 29... Rxb2 {[%cal Oe5e4] aiming for ...e4!} (29... Rb4 $5 {[%cal Rb4c4]} 30. Qa2 Qc8 $17) 30. d6 $2 {[%mdl 8192]} (30. Ne4 $15) 30... Qb7 $19 {[%csl Gb2][%cal Rb7g2]} 31. Rf3 {[#]} e4 $1 {[%cal Be5e4,Be4e3,Be3e2][%mdl 32]} ({Inferior is} 31... Rc2 32. h3 $17) 32. Rf1 e3 {[%csl Gb2][%cal Rb7g2]} ({Don't go for} 32... Bxc3 $2 33. d7 Qxd7 34. Qxc3 $19) 33. Ne2 Rb4 $2 $40 {[%mdl 128] Black wants a kill.} (33... Re4 34. d7 Rxc4 35. d8=Q+ Kh7) 34. Qa2 Rb2 $2 (34... Rd8 35. Ra7 {[#]} Rb2 $1) 35. Qc4 Rb1 36. Nc1 (36. Rxb1 $142 Qxb1+ 37. Qc1 Qxc1+ 38. Nxc1) 36... e2 37. Re1 {[#]} Rxc1 $1 {[%mdl 512]} 38. Qxc1 Qxa6 39. d7 Rd8 40. Qe3 Qe6 41. Qxc5 Qxd7 {Black mates.} 42. Qf2 Qd1 43. h3 {[#]} Qxe1+ $3 {Weighted Error Value: White=0.61/Black=0.37} 0-1

[Event "Charlotte Spring-E 2022"]
[Site "Charlotte"]
[Date "2022.03.17"]
[Round "1.2"]
[White "Matros, Alexander"]
[Black "Zaloznyy, Mike"]
[Result "1-0"]
[WhiteElo "2357"]
[BlackElo "2065"]
[Annotator "TA"]
[PlyCount "77"]
[EventDate "2022.03.16"]
[EventType "tourn"]
[EventCountry "USA"]
[SourceTitle "playchess.com"]
[Source "ChessBase"]
[SourceQuality "1"]

{[%evp 12,77,0,0,231,242,231,232,231,245,232,231,233,239,237,237,253,233,240,237,289,296,302,294,301,301,302,300,295,295,307,244,250,246,252,249,276,256,399,427,406,407,714,700,2875,2846,2647,2595,2474,2405,29980,29981,29988,29989,29989,29990,29991,29990,29991,29992,29992,29993,29993,29994,29997,29997,29997,29998]} 1. c4 b6 2. Nc3 Bb7 3. Nf3 Nf6 4. d4 {[%cal Bd2d4,Bd4d5][%mdl 32]} e6 5. Bg5 Bb4 6. Nd2 h6 7. Bh4 $1 d6 $2 {[#] E13: Queen's Indian/Nimzo-Indian hybrid: 4 Nc3 Bb7 5 Bg5 h6 6 Bh4 Bb4.} (7... Be7 $11 {and Black is okay.}) 8. Qa4+ $18 Nc6 9. d5 Bxc3 {White is clearly better.} 10. bxc3 {[#]} Qd7 $146 ({Predecessor:} 10... g5 11. dxc6 Bc8 12. Bg3 Nh5 13. e3 f5 14. Be2 Ng7 15. h4 Qf6 16. hxg5 Qxc3 {1-0 (27) Suchkov,E (2279)-Epifantsev,I (2185) Novokuznetsk 2008}) 11. Bxf6 gxf6 12. dxc6 Bxc6 13. Qa6 Rg8 14. Nf3 Ke7 15. g3 Bxf3 16. exf3 Qc6 17. Be2 Rg5 {[#]} 18. Qa3 Re5 {aiming for ...Qxf3.} 19. Kf1 Rg8 20. Qb2 ({Don't blunder} 20. Qxa7 $2 Ra8 21. Qxa8 Qxa8 $19) 20... h5 21. Rg1 h4 22. Qc2 ({Don't take} 22. gxh4 $6 Rxg1+ 23. Kxg1 Rh5) 22... f5 23. g4 ({Don't play} 23. gxh4 Rxg1+ 24. Kxg1 f4 $18) 23... h3 24. Qd3 d5 (24... Ra5 $142 25. Qd4 Re5) 25. f4 {[%csl LRe5,LRh3]} Re4 26. cxd5 Qc5 (26... Qxd5 $142 27. Qxh3 Qd2) 27. dxe6 Rxf4 28. Qd7+ Kf6 29. Qxf7+ Ke5 30. f3 Rgxg4 31. Rg3 {White mates.} Rxf3+ 32. Bxf3 Qc4+ 33. Kg1 Qxc3 34. Rf1 {[%cal Ba1f1,Bf1e1,Be1d1][%mdl 32]} Qd4+ 35. Kh1 Qc4 36. Re1+ Re4 37. Bxe4 Qb4 38. Qxf5+ Kd6 39. Rd1+ {White took control after the opening.  Weighted Error Value: White=0.03 (flawless) /Black=0.59} 1-0

[Event "Charlotte Spring-E 2022"]
[Site "Charlotte"]
[Date "2022.03.17"]
[Round "1.3"]
[White "Becerra Rivero, Julio"]
[Black "Chen, Ryo"]
[Result "1/2-1/2"]
[WhiteElo "2493"]
[BlackElo "2303"]
[Annotator "TA"]
[PlyCount "130"]
[EventDate "2022.03.16"]
[EventType "tourn"]
[EventCountry "USA"]
[SourceTitle "playchess.com"]
[Source "ChessBase"]
[SourceQuality "1"]

{[%evp 13,130,22,50,45,49,49,49,54,47,41,46,0,0,0,7,0,0,-5,-12,-11,-11,-55,-54,-64,-66,-66,-72,-91,-79,-109,-109,-112,-111,-106,-111,-106,-110,-204,-184,-257,-239,-372,-162,-177,-125,-160,-106,-106,-99,-106,-106,-106,-106,-106,-101,-91,-33,-33,-39,-42,-36,-109,-16,-72,-71,-64,-64,-93,-85,-85,-86,-86,-85,-120,-81,-177,-160,-366,-366,-354,-352,-360,-303,-526,-572,-570,-541,-553,-542,-12837,-12837,-12842,-12842,-12845,-12843,-12841,-6029,-12843,-12842,-12840,-12841,-12843,-12841,-12840,-12841,-1079,0,0,0,0,0,0,0,0,0,0,0,0,0]} 1. e4 c5 2. Nf3 d6 3. d4 cxd4 4. Nxd4 Nf6 5. Nc3 Nc6 6. Bg5 e6 7. Qd2 Qb6 8. O-O-O {B63: Sicilian: Richter-Rauzer: 7...Be7 and unusual Black 7th moves.} Qxd4 9. Qxd4 Nxd4 10. Rxd4 {White is slightly better.} a6 {Inhibits Nb5.} 11. Na4 e5 12. Bxf6 exd4 $11 13. Bxd4 Be6 14. Nb6 Rd8 {[#]} 15. c4 $146 ({Predecessor:} 15. Bd3 Be7 16. f4 f6 17. h3 h5 18. f5 Bf7 19. c4 g6 20. fxg6 Bxg6 21. Rf1 {1-0 (37) Zwirs,N (2453)-Trent,L (2399) Chess.com INT 2020}) 15... Rg8 16. f4 g6 17. Kd2 (17. Be2 $11 {deserves consideration.}) 17... Bg7 $15 18. Kc3 f5 19. exf5 Bxf5 20. Be2 Be4 21. Rg1 Kf7 22. g3 Rge8 23. Bxg7 Kxg7 24. Kd4 Re7 25. b4 {[#]} (25. Bd3 $17 Rde8 26. Rd1) 25... Rde8 $1 $19 26. Bg4 (26. b5 $142) 26... Bc6 27. Rd1 (27. Nc8 $142 Re4+ 28. Kc3) 27... Re3 (27... h5 $142 28. Bc8 Re2) 28. Rd3 Rxd3+ 29. Kxd3 {[%mdl 4096] Endgame KRB-KBN} h5 (29... Re1 $142 {aiming for ...Ra1.} 30. a4 Rh1) 30. Be2 $17 Kf6 31. a4 Kf5 32. b5 Bg2 33. a5 h4 34. Kd2 Re7 ({Better is} 34... Ke4 $17 {White must now prevent ...Kd4.} 35. Bd3+ Kd4 36. Bxg6 Rg8) 35. Bd3+ $15 Kf6 36. Nc8 Rd7 37. Ke3 (37. gxh4 $15 Rd8 38. Nb6) 37... d5 ({Black should play} 37... h3 $17) 38. Nb6 (38. cxd5 $11 {keeps the balance.} hxg3 39. hxg3) 38... Re7+ $17 39. Kf2 {[#]} dxc4 $1 40. Bxc4 {[#]} (40. Nxc4 axb5) 40... axb5 41. Bxb5 h3 {Threatens to win with ...Rc7.} 42. Nd7+ Kg7 43. Nc5 Kh6 44. Bd7 (44. Nd3 $17) 44... g5 45. Bg4 $2 {[#]} (45. fxg5+ $17 {was worth a try.} Kxg5 46. Bc8) 45... gxf4 $1 $19 46. gxf4 Rc7 47. Ne6 Rc3 48. f5 $2 (48. Ng5) 48... Ra3 49. Be2 Rxa5 50. Bd3 Re5 51. Nf4 Be4 52. Bf1 Bxf5 53. Kf3 b5 54. Ne2 b4 (54... Bd3 $142 55. Bxh3 Bxe2+ 56. Kf4 Rh5) 55. Kf4 Rc5 56. Nd4 Bg6 57. Bxh3 Bf7 58. Nf5+ Kh7 59. Nd6 b3 $2 60. Nxf7 $11 {The position is equal.} b2 61. Ne5 $1 Kg7 62. Bf5 Rc1 63. Nf3 Kf6 64. Be4 Rc4 65. Nd2 Rd4 {And White is the lucky defender.  Weighted Error Value: White=0.39/Black=0.24 (precise)} 1/2-1/2

[Event "Charlotte Spring-E 2022"]
[Site "Charlotte"]
[Date "2022.03.17"]
[Round "1.4"]
[White "Rorrer, Grayson"]
[Black "Kanli, Alperen"]
[Result "1/2-1/2"]
[WhiteElo "2191"]
[BlackElo "2131"]
[Annotator "TA"]
[PlyCount "71"]
[EventDate "2022.03.16"]
[EventType "tourn"]
[EventCountry "USA"]
[SourceTitle "playchess.com"]
[Source "ChessBase"]
[SourceQuality "1"]

{[%evp 19,71,41,29,34,26,18,22,10,26,21,62,24,57,0,9,0,14,0,0,-35,0,0,25,17,16,0,15,0,24,20,16,18,24,17,22,17,20,24,21,0,0,0,0,0,0,0,0,0,13,11,11,12,27,4]} 1. e4 c6 2. d4 d5 3. exd5 cxd5 4. Bd3 Nc6 5. c3 Nf6 6. h3 g6 7. Nf3 {[%cal Bg1f3,Bf3e1,Be1d3][%mdl 32]} Bg7 8. O-O O-O 9. Bf4 Bf5 10. Bxf5 {10.Be2 deserves study.} gxf5 11. Ne1 {B13: Caro-Kann: Exchange Variation and Panov-Botvinnik Attack.} Ne4 12. f3 Nd6 {[#]} 13. Nd3 $146 {To avoid e5. The position is equal.} ({Predecessor:} 13. Bxd6 Qxd6 14. f4 Kh8 15. Nd3 Qg6 16. Nd2 Rg8 17. Qe2 Bf6 18. Nf3 e6 19. Kh1 Qh5 20. Rae1 Rg3 21. Nc5 b6 22. Nxe6 fxe6 23. Qxe6 Qg6 24. Qxc6 Rg8 25. Ne5 Rxh3+ {0-1 (25) Kokoszczynski,J (1927)-Kucharski,B (1742) Suchedniow 2016}) 13... e6 14. Nd2 Ne7 (14... Nc4 $11 {was preferrable.}) 15. Qe1 (15. Bxd6 $5 Qxd6 16. f4 $11) 15... Ng6 16. Be3 (16. Bxd6 $14 Qxd6 17. f4) 16... Kh8 17. Kh1 Bf6 18. Nf4 Rg8 19. Nxg6+ Rxg6 20. Bf4 Ne8 21. Qe2 h5 22. Nb3 Ng7 23. g4 hxg4 24. hxg4 fxg4 25. fxg4 {[#] Rf3 is the strong threat.} Bg5 26. Be5 ({Of course not} 26. Bxg5 Qxg5 27. Rf2 (27. Rxf7 $2 Nf5 $19) 27... Qxg4 28. Rh2+ (28. Qxg4 Rxg4 29. Rh2+ Kg8 $17) 28... Kg8 29. Qxg4 Rxg4 $17) 26... f6 {[%cal Bf7f6,Bf6f5,Bf5g4][%mdl 32]} 27. Bg3 b6 {Inhibits Nc5.} 28. Rf2 {[%cal Bf1f2,Bf2h2,Bh2h4][%mdl 32]} Kg8 29. Nc1 Bxc1 30. Rxc1 f5 31. Rg1 {[#] And now Bf4 would win.} Rxg4 32. Be5 Qh4+ 33. Rh2 {Really sharp!} Rxg1+ 34. Kxg1 Qg4+ 35. Qxg4 fxg4 36. Rh4 {Weighted Error Value: White=0.10 (very precise) /Black=0.09 (flawless)} 1/2-1/2

[Event "Charlotte Spring-E 2022"]
[Site "Charlotte"]
[Date "2022.03.17"]
[Round "1.5"]
[White "Yang, Qindong"]
[Black "Chasin, Nico"]
[Result "1-0"]
[WhiteElo "2084"]
[BlackElo "2270"]
[Annotator "TA"]
[PlyCount "79"]
[EventDate "2022.03.16"]
[EventType "tourn"]
[EventCountry "USA"]
[SourceTitle "playchess.com"]
[Source "ChessBase"]
[SourceQuality "1"]

{[%evp 11,79,14,3,4,7,0,0,0,0,0,0,0,14,11,16,0,0,0,0,-23,0,-117,-101,-101,-111,-308,-306,-297,-290,-300,-285,-440,-187,-214,-182,-191,-170,-168,-154,-146,-158,-164,-154,-344,-326,-326,-294,-370,-332,-339,-265,-239,-299,-255,-105,-363,-297,-252,-294,-397,0,0,0,7,29988,29989,29995,0,29997,62]} 1. d4 Nf6 2. c4 e6 3. g3 d5 4. Nf3 dxc4 5. Bg2 c6 6. Ne5 Bb4+ 7. Nc3 {E04: Open Catalan: 5 Nf3.} Nd5 $1 8. Bd2 b5 9. O-O {The position is equal.} a5 10. a4 O-O 11. axb5 {Black must now prevent Nxd5.} Bxc3 12. bxc3 cxb5 13. Qb1 {[#]} Ba6 $146 ({Predecessor:} 13... f6 14. Ng4 Bd7 15. f4 Na6 16. f5 Nac7 17. e4 exf5 18. Nh6+ gxh6 19. exd5 Ra6 20. Bxh6 {½-½ (28) Schreiner,P (2458)-Palozza,C (2263) Bassano del Grappa 2021}) 14. Be4 h6 15. Qc1 Bb7 {[%cal Od5c3] And now ...Nxc3! would win.} (15... f6 $5 {[%cal Rf6e5]} 16. Ng6 Rf7 $15) 16. Re1 (16. Qb2 $11) 16... f5 17. Bf3 Nd7 18. e4 $2 (18. Bf4 $17) 18... Nxe5 $19 19. dxe5 fxe4 20. Bxe4 Qb6 21. Re2 {[#]} (21. Be3 {is the only way for White.} Nxe3 22. Qxe3 Qxe3 23. Rxe3 Bxe4 24. Rxe4) 21... Ne7 (21... Nxc3 $142 $1 {[%mdl 512]} 22. Qxc3 (22. Bxc3 Bxe4) 22... Bxe4 23. Rxa5 Bb7 24. Rxa8 Rxa8) 22. Be3 Qc7 23. Bxh6 gxh6 24. Qxh6 {[%csl Ge4][%cal Rh6h7]} Rf7 {Inhibits Qh7+. aiming for ...Qb6.} 25. Qxe6 Bxe4 (25... Ra6 26. Qg4+ Rg7 27. Qh5 $17) 26. Rxe4 Qc6 27. Rg4+ $2 (27. Qg4+ $17 {might work better.} Rg7 28. Qe2) 27... Kf8 28. Qxc6 Nxc6 29. f4 Ne7 {[%cal Bc6e7,Be7d5,Bd5c3][%mdl 32]} 30. Rg5 Rg7 31. Rh5 Nd5 {[%csl LRc3,LRf4]} 32. f5 {[#]} Kf7 ({Worse is} 32... Nxc3 33. f6 $11) (32... a4 $1 $19 {is more deadly.} 33. f6 Rga7) 33. Rh6 $2 {[%mdl 8192]} (33. f6 $17 Rg4 34. e6+ Kxe6 35. Re1+ Kxf6 36. Rxd5) 33... Rg5 (33... Nxc3 34. e6+ Kg8 35. f6 $15) 34. Rd1 {[#]} Kg7 $1 35. Rh4 {[#]} (35. Re6 Nxc3) 35... Nxc3 (35... Rd8 $1 $19 36. Rhd4 Nxc3 37. Rxd8 Nxd1) 36. Rd7+ $11 Kg8 {Threatens to win with ...Rg7.} 37. f6 {To avoid Rg7. Threatening mate with e6.} b4 $2 {[%mdl 8192]} (37... Rf8 $11) 38. e6 b3 39. e7 $2 (39. f7+ Kg7 40. f8=Q+ Kxf8 41. Rh8+ Rg8 42. Rf7+ Ke8 43. Rxg8#) 39... Rd5 $2 {[%mdl 8192]} (39... Kf7 $11 40. e8=R+ Kxe8) 40. e8=Q+ $2 {Weighted Error Value: White=0.62/Black=0.66} (40. e8=R+ {mates} Rxe8 41. Rg7+ Kf8 42. Rh8#) 1-0

[Event "Charlotte Spring-E 2022"]
[Site "Charlotte"]
[Date "2022.03.17"]
[Round "2.1"]
[White "Chiku-Ratte, Olivier-Kenta"]
[Black "Chasin, Nico"]
[Result "0-1"]
[WhiteElo "2382"]
[BlackElo "2270"]
[Annotator "ChessBase"]
[PlyCount "64"]
[EventDate "2022.03.16"]
[EventType "tourn"]
[EventCountry "USA"]
[SourceTitle "playchess.com"]
[Source "ChessBase"]
[SourceQuality "1"]
[TimeControl "5400+30"]

1. d4 {[%emt 1:31:00]} Nf6 {[%emt 1:31:00]} 2. c4 {[%emt 0:00:00]} e6 {[%emt 0:00:00]} 3. Nf3 {[%emt 0:00:00]} d5 {[%emt 0:00:00]} 4. Nc3 {[%emt 0:00:00]} Bb4 {[%emt 0:00:00]} 5. e3 {[%emt 0:00:00]} O-O {[%emt 0:00:00]} 6. Bd3 {[%emt 0:00:00]} c5 {[%emt 0:00:00]} 7. O-O {[%emt 0:00:00]} cxd4 {[%emt 0:00:00]} 8. exd4 {[%emt 0:00:00]} dxc4 {[%emt 0:00:00]} 9. Bxc4 {[%emt 0:00:00]} h6 {[%emt 0:00:00]} 10. Qb3 {[%emt 0:00:00]} Nc6 {[%emt 0:00:00]} 11. d5 {[%emt 0:00:00]} exd5 {[%emt 0:00:00]} 12. Nxd5 {[%emt 0:00:00]} Bd6 {[%emt 0:00:00]} 13. Nxf6+ {[%emt 0:00:00]} Qxf6 {[%emt 0:00:00]} 14. Bd5 {[%emt 0:00:00]} Nb4 {[%emt 0:00:00]} 15. Be3 {[%emt 0:00:00]} Bg4 {[%emt 0:00:00]} 16. Bxb7 {[%emt 0:00:00]} Rab8 {[%emt 0:00:00]} 17. Be4 {[%emt 0:00:00]} Rfe8 {[%emt 0:00:00]} 18. Bxa7 {[%emt 0:00:00]} Rxe4 {[%emt 0:00:00]} 19. Bxb8 {[%emt 0:00:00]} Bxb8 {[%emt 0:00:00]} 20. Rfe1 {[%emt 0:00:00]} Bxf3 {[%emt 0:00:00]} 21. Qxf3 {[%emt 0:02:21]} Bxh2+ {[%emt 0:00:00]} 22. Kh1 {[%emt 0:01:12]} Rh4 {[%emt 0:00:00]} 23. Qxf6 {[%emt 0:07:27]} gxf6 {[%emt 0:00:00]} 24. Re2 {[%emt 0:00:00]} Nd3 {[%emt 0:00:00]} 25. a4 {[%emt 0:00:00]} Nxb2 {[%emt 0:00:00]} 26. a5 {[%emt 0:00:00]} Nd3 {[%emt 0:00:00]} 27. Raa2 {[%emt 0:00:28]} Be5+ {[%emt 0:00:00]} 28. Kg1 {[%emt 0:00:03]} Nc1 {[%emt 0:00:00]} 29. a6 {[%emt 0:01:52]} Nxe2+ {[%emt 0:00:00]} 30. Kf1 {[%emt 0:00:25]} Nc3 {[%emt 0:00:00]} 31. g4 {[%emt 0:00:41]} Bd4 {[%emt 0:00:00]} 32. Rd2 {[%emt 0:00:29]} Rxg4 {[%emt 0:00:00]} 0-1

[Event "Charlotte Spring-E 2022"]
[Site "Charlotte"]
[Date "2022.03.17"]
[Round "2.2"]
[White "Kanli, Alperen"]
[Black "Yang, Qindong"]
[Result "1-0"]
[WhiteElo "2131"]
[BlackElo "2084"]
[Annotator "ChessBase"]
[PlyCount "65"]
[EventDate "2022.03.16"]
[EventType "tourn"]
[EventCountry "USA"]
[SourceTitle "playchess.com"]
[Source "ChessBase"]
[SourceQuality "1"]
[TimeControl "5400+30"]

1. d4 {[%emt 0:00:02]} Nf6 {[%emt 0:00:19]} 2. c4 {[%emt 0:00:39]} e6 {[%emt 0:00:02]} 3. Nc3 {[%emt 0:00:22]} Bb4 {[%emt 0:00:25]} 4. f3 {[%emt 0:00:16]} c5 {[%emt 0:02:18]} 5. d5 {[%emt 0:00:31]} b5 {[%emt 0:00:34]} 6. e4 {[%emt 0:02:12]} d6 {[%emt 0:00:31]} 7. Nge2 {[%emt 0:02:24]} O-O {[%emt 1:29:51]} 8. Nf4 {[%emt 1:28:04]} e5 {[%emt 0:00:00]} 9. Nfe2 {[%emt 0:00:30]} bxc4 {[%emt 0:00:00]} 10. Ng3 {[%emt 0:00:00]} Nbd7 {[%emt 0:01:30]} 11. Be2 {[%emt 0:01:00]} Nb6 {[%emt 0:00:30]} 12. O-O {[%emt 0:00:30]} Bd7 {[%emt 0:00:00]} 13. f4 {[%emt 0:00:30]} Ne8 {[%emt 0:01:00]} 14. fxe5 {[%emt 0:00:00]} dxe5 {[%emt 0:00:30]} 15. Bg4 {[%emt 0:01:00]} Nd6 {[%emt 0:00:30]} 16. Qf3 {[%emt 0:00:30]} Rb8 {[%emt 0:00:30]} 17. Nce2 {[%emt 0:00:30]} Qc8 {[%emt 0:00:00]} 18. Bxd7 Qxd7 {[%emt 0:01:00]} 19. Be3 {[%emt 0:01:00]} Na4 {[%emt 0:00:30]} 20. Rab1 {[%emt 0:00:30]} Rfc8 {[%emt 0:00:30]} 21. Nh5 {[%emt 0:00:30]} Ne8 {[%emt 0:00:30]} 22. Neg3 {[%emt 0:00:00]} Rb6 {[%emt 0:00:00]} 23. Nf5 {[%emt 0:01:00]} Kh8 {[%emt 0:00:00]} 24. d6 {[%emt 0:00:00]} f6 {[%emt 0:00:00]} 25. Nfxg7 {[%emt 0:00:00]} Rxd6 {[%emt 0:00:00]} 26. Nxe8 {[%emt 0:00:00]} Qxe8 {[%emt 0:00:00]} 27. Nxf6 {[%emt 0:00:00]} Qg6 {[%emt 0:00:16]} 28. Nd5 {[%emt 0:00:00]} Re8 {[%emt 0:01:08]} 29. h4 {[%emt 0:00:00]} Nb6 {[%emt 0:00:50]} 30. h5 {[%emt 0:00:00]} Qg7 {[%emt 0:01:05]} 31. h6 {[%emt 0:00:00]} Qg6 {[%emt 0:01:09]} 32. Ne7 {[%emt 0:00:00]} Qe6 {[%emt 0:00:18]} 33. Qf8+ {[%emt 0:00:00]} 1-0

[Event "Charlotte Spring-E 2022"]
[Site "Charlotte"]
[Date "2022.03.17"]
[Round "2.3"]
[White "Chen, Ryo"]
[Black "Rorrer, Grayson"]
[Result "0-1"]
[WhiteElo "2303"]
[BlackElo "2191"]
[Annotator "ChessBase"]
[PlyCount "88"]
[EventDate "2022.03.16"]
[EventType "tourn"]
[EventCountry "USA"]
[SourceTitle "playchess.com"]
[Source "ChessBase"]
[SourceQuality "1"]
[TimeControl "5400+30"]

1. e4 {[%emt 0:03:56]} c5 {[%emt 0:00:57]} 2. Nf3 {[%emt 0:00:17]} d6 {[%emt 0:00:15]} 3. d4 {[%emt 0:00:14]} cxd4 {[%emt 0:00:15]} 4. Nxd4 {[%emt 0:00:17]} Nf6 {[%emt 0:00:15]} 5. Nc3 {[%emt 0:00:10]} a6 {[%emt 0:00:17]} 6. Be2 {[%emt 0:00:34]} e5 {[%emt 0:00:19]} 7. Nb3 {[%emt 0:00:23]} Be7 {[%emt 0:00:20]} 8. O-O {[%emt 0:00:04]} O-O {[%emt 1:31:52]} 9. Bf3 Be6 {[%emt 0:00:00]} 10. a4 {[%emt 0:00:53]} Nbd7 {[%emt 0:00:00]} 11. a5 {[%emt 0:00:40]} Rc8 {[%emt 0:00:00]} 12. Be3 {[%emt 0:02:52]} Qc7 {[%emt 0:00:00]} 13. Re1 {[%emt 0:01:50]} Rfe8 {[%emt 0:00:00]} 14. Nd2 {[%emt 0:13:48]} h6 {[%emt 0:00:00]} 15. Nf1 {[%emt 0:14:19]} Qc6 {[%emt 0:00:00]} 16. Ng3 {[%emt 0:09:57]} Nf8 {[%emt 0:00:00]} 17. h3 {[%emt 0:09:45]} N8h7 {[%emt 0:00:00]} 18. h4 {[%emt 0:14:31]} Bd8 {[%emt 0:00:00]} 19. Nf1 {[%emt 0:04:52]} Nd7 {[%emt 0:00:00]} 20. g3 {[%emt 0:02:30]} Nhf6 {[%emt 0:00:00]} 21. Re2 {[%emt 0:02:07]} Nc5 {[%emt 0:00:00]} 22. Nd2 {[%emt 0:17:31]} b6 {[%emt 0:00:00]} 23. axb6 {[%emt 0:00:30]} Bxb6 {[%emt 0:00:00]} 24. Ra3 {[%emt 0:00:00]} Red8 {[%emt 0:00:00]} 25. b4 {[%emt 0:00:00]} Ncd7 {[%emt 0:00:00]} 26. Re1 {[%emt 0:00:00]} Bxe3 {[%emt 0:00:00]} 27. Rxe3 {[%emt 0:00:00]} Qb7 {[%emt 0:00:00]} 28. Qb1 {[%emt 0:00:43]} Nb6 {[%emt 0:00:00]} 29. Na4 {[%emt 0:01:43]} Nxa4 {[%emt 0:01:57]} 30. Rxa4 {[%emt 0:00:01]} d5 {[%emt 0:00:01]} 31. exd5 {[%emt 0:00:58]} Bxd5 {[%emt 0:00:07]} 32. Bxd5 {[%emt 0:00:32]} Nxd5 {[%emt 0:00:31]} 33. Rd3 {[%emt 0:00:30]} Nc3 {[%emt 0:00:06]} 34. Qb3 {[%emt 0:00:29]} Rxd3 {[%emt 0:00:30]} 35. cxd3 {[%emt 0:00:13]} Nxa4 {[%emt 0:00:15]} 36. Qxa4 {[%emt 0:00:12]} Rc1+ {[%emt 0:00:06]} 37. Nf1 {[%emt 0:00:06]} Qb5 {[%emt 0:00:08]} 38. Qa3 {[%emt 0:00:33]} Rd1 {[%emt 0:00:08]} 39. Qc3 {[%emt 0:00:16]} Qxd3 {[%emt 0:00:10]} 40. Qc8+ {[%emt 0:00:17]} Kh7 {[%emt 0:00:06]} 41. Qh3 {[%emt 0:00:12]} Qf3 {[%emt 0:00:25]} 42. h5 {[%emt 0:00:38]} e4 {[%emt 0:00:58]} 43. Qc8 {[%emt 0:00:40]} e3 {[%emt 0:00:07]} 44. Qc2+ {[%emt 0:00:09]} f5 {[%emt 0:00:02]} 0-1